Statistics for Name The Batman comic 2

Click here to take the quiz!

General Stats

  • This quiz has been taken 10 times
  • The average score is 7 of 16

Answer Stats

Answer% Correct
Batman: Knightfall
100%
Batman: One Dark Knight
100%
Batman: A Death In The Family
88%
Batman: Hush
88%
Batman: The Heart of Hush
88%
Batman: RIP
38%
Batman: Blind Justice
25%
Batman: Dark Detective
25%
Batman: Incorporated
25%
Batman: Killing Time
25%
Batman: Last Knight on Earth
25%
Batman: Long Shadows
13%
Batman: Private Casebook
13%
Batman: The World
13%
Batman: War Games
13%
Batman: The Doom That Came To Gotham
0%

Score Distribution

Percentile by Number Answered

Percent of People with Each Score

Your Score History

You have not taken this quiz